Aufbau von Cephalopoden - Statistiken

Allgemein
  • Dieses Quiz wurde 11 mal gespielt
  • Das Durchschnittsergebnis liegt bei 8 aus 13
Antwortstatistiken
Bildquiz Antwort % Korrekt
4. Radula
100%
6. Magen
100%
8. Herz
100%
10. Kieme
50%
12. Siphon (Trichter)
50%
13. Tentakel
50%
1. Arme
50%
2. Schnabel
50%
3. Kopf
50%
5. innere Schale
50%
7. Mantel
50%
9. Darm
50%
11. Mantelhöhle
0%
Keine übereinstimmenden Quizze gefunden
Verteilung der Resultate
Anzahl Personen mit jedem Resultat
Perzentil nach korrekt beantworteten Fragen
Ihre Resultats-Entwicklung
Sie haben dieses Quiz noch nicht gespielt